01120nam a22002417a 4500001000500000005001700005020001800022040002900040050001300069082001100082100001900093245006500112260003300177300002700210490002500237505000600262520053200268521002000800521001800820650001100838650001800849650001100867183020250819121454.0 a9781407139685 aFISKHbengcFISKHdFISKH aPZ7.J134 a823.92 aHawkins, Sarah aThe lonely pony /cBy Sarah Hawkins Illustrated by Jon Davis aLondon :bScholastic, c2014 a150, 6 unnumberd pages aRSPCA SeriesvBook 8 aM aMia's mother is a groom at an RSPCA centre so she's used to looking after ponies. But when Polly arrives at the centre, underweight and frightened, Mia knows that this pony is going to need a lot of care and attention. At first Polly is too scared to go near humans, but Mia and her mother spend weeks gently nursing her back to health. With Mia's help, Polly will learn to trust again. An exciting, inspiring story based on a real-life animal rescue. With illustrations throughout and lots of facts about ponies and the RSPCA. a810 bRaz-Plus aM bRaz-Plus 2Horses 2Animal Rescue 2Ponies